000 00399nam a2200169Ia 4500
005 20250423094255.0
008 250422s9999 xx 000 0 und d
020 _a9788120346543
050 _aPE 1074 .8 .G36/
100 _aGangal J. K.
245 2 _aA practical course in spoken english
260 _aNew delhi
260 _bPHI learning
260 _c2012
300 _a280 p
942 _cBK
999 _c26771
_d26771